<?xml version="1.0" encoding="UTF-8"?>
<record
    xmlns:xsi="http://www.w3.org/2001/XMLSchema-instance"
    xsi:schemaLocation="http://www.loc.gov/MARC21/slim http://www.loc.gov/standards/marcxml/schema/MARC21slim.xsd"
    xmlns="http://www.loc.gov/MARC21/slim">

  <leader>00483nam a2200157Ia 4500</leader>
  <controlfield tag="003">IQ-KOUCL</controlfield>
  <datafield tag="041" ind1=" " ind2=" ">
    <subfield code="a">Arabic</subfield>
  </datafield>
  <datafield tag="082" ind1=" " ind2=" ">
    <subfield code="a">810,801 cut-794 &#x62D;</subfield>
  </datafield>
  <datafield tag="100" ind1=" " ind2=" ">
    <subfield code="a">20260118u\\\\\\\\\\\y0engy0103\\\\ba</subfield>
  </datafield>
  <datafield tag="100" ind1=" " ind2=" ">
    <subfield code="a">&#x627;&#x628;&#x648;&#x627;&#x644;&#x648;&#x644;&#x64A;&#x62F; &#x645;&#x62D;&#x645;&#x62F; &#x628;&#x646; &#x631;&#x634;&#x62F; &#x627;&#x644;&#x62D;&#x641;&#x64A;&#x62F;</subfield>
  </datafield>
  <datafield tag="245" ind1=" " ind2="0">
    <subfield code="a">&#x627;&#x628;&#x646; &#x631;&#x634;&#x62F; &#x62A;&#x647;&#x627;&#x641;&#x62A; &#x627;&#x644;&#x62A;&#x647;&#x627;&#x641;&#x62A; &#x627;&#x644;&#x62C;&#x632;&#x621; &#x627;&#x644;&#x627;&#x648;&#x644;</subfield>
  </datafield>
  <datafield tag="250" ind1=" " ind2=" ">
    <subfield code="a">&#x637;1</subfield>
  </datafield>
  <datafield tag="260" ind1=" " ind2=" ">
    <subfield code="b">&#x627;&#x644;&#x641;&#x627;&#x631;&#x633; &#x644;&#x644;&#x646;&#x634;&#x631; &#x648;&#x627;&#x644;&#x62A;&#x648;&#x632;&#x64A;&#x639;</subfield>
    <subfield code="a">&#x627;&#x644;&#x642;&#x627;&#x647;&#x631;&#x629; - &#x645;&#x635;&#x631;</subfield>
    <subfield code="c">2018</subfield>
  </datafield>
  <datafield tag="300" ind1=" " ind2=" ">
    <subfield code="a">412</subfield>
  </datafield>
  <datafield tag="942" ind1=" " ind2=" ">
    <subfield code="c">Bk</subfield>
  </datafield>
  <datafield tag="999" ind1=" " ind2=" ">
    <subfield code="c">187026</subfield>
    <subfield code="d">187026</subfield>
  </datafield>
  <datafield tag="952" ind1=" " ind2=" ">
    <subfield code="0">0</subfield>
    <subfield code="1">0</subfield>
    <subfield code="4">0</subfield>
    <subfield code="7">0</subfield>
    <subfield code="8">810 - 819</subfield>
    <subfield code="a">KOYUCL</subfield>
    <subfield code="b">KOYUCL</subfield>
    <subfield code="c">BK</subfield>
    <subfield code="d">2026-01-18</subfield>
    <subfield code="l">0</subfield>
    <subfield code="o">810,801 cut-794 &#x62D;</subfield>
    <subfield code="p">0000090589</subfield>
    <subfield code="r">2026-01-18</subfield>
    <subfield code="t">1</subfield>
    <subfield code="w">2026-01-18</subfield>
    <subfield code="y">Bk</subfield>
  </datafield>
</record>
